<?xml version="1.0" encoding="UTF-8"?>
<record
    xmlns:xsi="http://www.w3.org/2001/XMLSchema-instance"
    xsi:schemaLocation="http://www.loc.gov/MARC21/slim http://www.loc.gov/standards/marcxml/schema/MARC21slim.xsd"
    xmlns="http://www.loc.gov/MARC21/slim">

  <leader>00544    a2200157   4500</leader>
  <datafield tag="999" ind1=" " ind2=" ">
    <subfield code="c">325</subfield>
    <subfield code="d">325</subfield>
  </datafield>
  <controlfield tag="008">221010b           ||||| |||| 00| 0 eng d</controlfield>
  <datafield tag="020" ind1=" " ind2=" ">
    <subfield code="a">978185609747</subfield>
  </datafield>
  <datafield tag="082" ind1="0" ind2="0">
    <subfield code="a">387.5448</subfield>
    <subfield code="b">S5789</subfield>
  </datafield>
  <datafield tag="100" ind1=" " ind2=" ">
    <subfield code="a">McGuire and White</subfield>
  </datafield>
  <datafield tag="245" ind1=" " ind2=" ">
    <subfield code="a">Liquefied gas handling principles on ships and in terminals</subfield>
  </datafield>
  <datafield tag="260" ind1=" " ind2=" ">
    <subfield code="a">Bermuda:</subfield>
    <subfield code="b">Society of International Gas Tanker &amp; Terminal Operators Ltd,</subfield>
    <subfield code="c">2016.</subfield>
  </datafield>
  <datafield tag="300" ind1=" " ind2=" ">
    <subfield code="a">xxxix, 527 p.</subfield>
  </datafield>
  <datafield tag="650" ind1=" " ind2="0">
    <subfield code="a">Liquefied gas carriers</subfield>
  </datafield>
  <datafield tag="710" ind1=" " ind2=" ">
    <subfield code="9">5060</subfield>
    <subfield code="a">Society of International Gas Tanker and Terminal Operators</subfield>
  </datafield>
  <datafield tag="942" ind1=" " ind2=" ">
    <subfield code="2">ddc</subfield>
    <subfield code="c">BK</subfield>
  </datafield>
  <datafield tag="952" ind1=" " ind2=" ">
    <subfield code="0">0</subfield>
    <subfield code="1">0</subfield>
    <subfield code="2">ddc</subfield>
    <subfield code="4">0</subfield>
    <subfield code="6">387_544800000000000_S5789</subfield>
    <subfield code="7">0</subfield>
    <subfield code="9">1281</subfield>
    <subfield code="a">CL</subfield>
    <subfield code="b">CL</subfield>
    <subfield code="d">2017-04-26</subfield>
    <subfield code="e">Jyoti, the Book People</subfield>
    <subfield code="o">387.5448 S5789</subfield>
    <subfield code="p">12499</subfield>
    <subfield code="r">2019-09-19</subfield>
    <subfield code="y">BK</subfield>
  </datafield>
  <datafield tag="952" ind1=" " ind2=" ">
    <subfield code="0">0</subfield>
    <subfield code="1">0</subfield>
    <subfield code="2">ddc</subfield>
    <subfield code="4">0</subfield>
    <subfield code="6">387_544800000000000_S5789</subfield>
    <subfield code="7">0</subfield>
    <subfield code="9">1808</subfield>
    <subfield code="a">CL</subfield>
    <subfield code="b">CL</subfield>
    <subfield code="d">2017-02-28</subfield>
    <subfield code="e">R. B. Enterprises</subfield>
    <subfield code="g">22361.95</subfield>
    <subfield code="o">387.5448 S5789</subfield>
    <subfield code="p">11915</subfield>
    <subfield code="r">2019-10-14</subfield>
    <subfield code="v">22361.95</subfield>
    <subfield code="y">BK</subfield>
  </datafield>
  <datafield tag="952" ind1=" " ind2=" ">
    <subfield code="0">0</subfield>
    <subfield code="1">0</subfield>
    <subfield code="2">ddc</subfield>
    <subfield code="4">0</subfield>
    <subfield code="6">387_544800000000000_S5789</subfield>
    <subfield code="7">0</subfield>
    <subfield code="9">2435</subfield>
    <subfield code="a">CL</subfield>
    <subfield code="b">CL</subfield>
    <subfield code="d">2017-08-30</subfield>
    <subfield code="e">Sterling Book House</subfield>
    <subfield code="g">20582.49</subfield>
    <subfield code="o">387.5448 S5789</subfield>
    <subfield code="p">12713</subfield>
    <subfield code="r">2019-10-21</subfield>
    <subfield code="v">22869.44</subfield>
    <subfield code="y">BK</subfield>
  </datafield>
  <datafield tag="952" ind1=" " ind2=" ">
    <subfield code="0">0</subfield>
    <subfield code="1">0</subfield>
    <subfield code="2">ddc</subfield>
    <subfield code="4">0</subfield>
    <subfield code="6">387_544800000000000_S5789</subfield>
    <subfield code="7">0</subfield>
    <subfield code="9">2436</subfield>
    <subfield code="a">CL</subfield>
    <subfield code="b">CL</subfield>
    <subfield code="d">2017-08-30</subfield>
    <subfield code="e">Sterling Book House</subfield>
    <subfield code="g">20582.49</subfield>
    <subfield code="o">387.5448 S5789</subfield>
    <subfield code="p">12714</subfield>
    <subfield code="r">2019-10-21</subfield>
    <subfield code="v">22869.44</subfield>
    <subfield code="y">BK</subfield>
  </datafield>
  <datafield tag="952" ind1=" " ind2=" ">
    <subfield code="0">0</subfield>
    <subfield code="1">0</subfield>
    <subfield code="2">ddc</subfield>
    <subfield code="4">0</subfield>
    <subfield code="6">387_544800000000000_S5789</subfield>
    <subfield code="7">0</subfield>
    <subfield code="9">2437</subfield>
    <subfield code="a">CL</subfield>
    <subfield code="b">CL</subfield>
    <subfield code="d">2017-08-30</subfield>
    <subfield code="e">Sterling Book House</subfield>
    <subfield code="g">20582.49</subfield>
    <subfield code="l">1</subfield>
    <subfield code="o">387.5448 S5789</subfield>
    <subfield code="p">12715</subfield>
    <subfield code="r">2022-10-26</subfield>
    <subfield code="s">2022-10-10</subfield>
    <subfield code="v">22869.44</subfield>
    <subfield code="y">BK</subfield>
  </datafield>
  <datafield tag="952" ind1=" " ind2=" ">
    <subfield code="0">0</subfield>
    <subfield code="1">0</subfield>
    <subfield code="2">ddc</subfield>
    <subfield code="4">0</subfield>
    <subfield code="6">387_544800000000000_S5789</subfield>
    <subfield code="7">0</subfield>
    <subfield code="9">2438</subfield>
    <subfield code="a">CL</subfield>
    <subfield code="b">CL</subfield>
    <subfield code="d">2017-08-30</subfield>
    <subfield code="e">Sterling Book House</subfield>
    <subfield code="g">20582.49</subfield>
    <subfield code="o">387.5448 S5789</subfield>
    <subfield code="p">12716</subfield>
    <subfield code="r">2019-10-21</subfield>
    <subfield code="v">22869.44</subfield>
    <subfield code="y">BK</subfield>
  </datafield>
</record>
